Multiple Choice City Quiz - Kiel - Statistics

General Stats
  • This quiz has been taken 48 times
  • The average score is 6 of 10
Answer Stats
Question Answer % Correct
In which German state is Kiel located? Schleswig-Holstein
86%
Which of these is NOT a district of Kiel? Altona
83%
Which of these images is NOT from Kiel?
76%
Kiel's university is named after ... Christian Albrecht
76%
Kiel has got Germany's best team in which sport? Handball
76%
What is the Kiel Week? A sailing regatta
71%
A culinariy specialty are "Kieler Sprotten". What is this? Fish
69%
Which of these facts about Kiel is not true? Parts of the historic city center are located on an island
50%
The Kiel Canal is one of the most frequented artificial waterways in the world. How long is it? 98 km (60.9 mi)
40%
How many train stations are there in Kiel? 8
14%
No matching quizzes found
Score Distribution
Percent of People with Each Score
Percentile by Number Answered
Your Score History
You have not taken this quiz